| 000 | 00426cam a2200145ua 4500 | ||
|---|---|---|---|
| 041 |
_aeng _h |
||
| 082 |
_a691.322 _bIND/ME |
||
| 100 | _aIndian Standard Institution, . | ||
| 245 | 0 | 0 | _aMethods of test for aggregates for concrete Part-6 measuring mortar making properties,IS:2386-1963 |
| 260 |
_aNew Delhi : _bIndian Standards Institution , _c1989. |
||
| 300 | _a6 ; . | ||
| 504 | _a | ||
| 942 | _cBK | ||
| 999 |
_c4502 _d4502 |
||